All Twenty One Pilots Songs - Statistics

General Stats
  • This quiz has been taken 21 times
    2 since last reset
  • The average score is 70 of 116
Answer Stats
Track # Song % Correct
4 Addict with a Pen
100%
3 Backslide
100%
11 Bandito
100%
13 Before You Start Your Day
100%
5 Chlorine
100%
Christmas Saves The Year
100%
9 Cottonwood
100%
Drag Path
100%
4 Fairly Local
100%
2 Fall Away
100%
6 Forest
100%
1 | 10 Guns for Hands
100%
Heathens
100%
1 Heavydirtysoul
100%
12 Hometown
100%
6 March to the Sea
100%
7 Neon Gravestones
100%
13 Not Today
100%
1 Overcompensate
100%
Overcompensate (edit)
100%
9 Polarize
100%
7 Robot Voices
100%
2 Stressed Out
100%
12 Taxi Cab
100%
11 | 12 Trees
100%
12 Truce
100%
11 A Car, a Torch, a Death
50%
9 Air Catcher
50%
12 At the Risk of Feeling Dumb
50%
9 Bounce Man
50%
Cancer
50%
5 Car Radio
50%
8 Center Mass
50%
2 Choker
50%
1 City Walls
50%
10 Cut My Lip
50%
11 Days Lie Dormant
50%
8 Doubt
50%
Doubt (demo)
50%
6 Downstairs
50%
3 Drum Show
50%
9 Fake You Out
50%
8 Formidable
50%
5 Friend, Please
50%
4 Garbage
50%
7 Glowing Eyes
50%
14 Goner
50%
1 Good Day
50%
2 Holding on to You
50%
4 | 15 House of Gold
50%
1 Implicit Demand for Proof
50%
13 Intentions
50%
14 Isle of Flightless Birds
50%
7 Johnny Boy
50%
1 Jumpsuit
50%
8 Kitchen Sink
50%
6 Lane Boy
50%
8 Lavish
50%
14 Leave the City
50%
13 Legend
50%
Level of Concern
50%
2 Levitate
50%
10 Lovely
50%
11 Message Man
50%
4 Midwest Indigo
50%
3 Migraine
50%
3 Morph
50%
7 Mulberry Street
50%
4 My Blood
50%
9 Navigating
50%
6 Never Take It
50%
2 Next Semester
50%
9 Nico and the Niners
50%
10 No Chances
50%
1 | 3 Ode to Sleep
50%
8 Oh, Ms. Believer
50%
11 Oldies Station
50%
10 One Way
50%
13 Paladin Strait
50%
12 Pet Cheetah
50%
2 RAWFEAR
50%
11 Redecorate
50%
3 Ride
50%
5 Routines in the Night
50%
11 Ruby
50%
5 Saturday
50%
7 Screen
50%
6 Semi-Automatic
50%
3 Shy Away
50%
4 Slowtown
50%
6 Smithereens
50%
10 Snap Back
50%
12 Tally
50%
5 Tear in My Heart
50%
5 The Contract
50%
7 The Craving (Jenna's Version)
50%
The Craving (single version)
50%
7 The Judge
50%
The Line
50%
4 The Outside
50%
3 The Pantaloon
50%
8 The Run and Go
50%
10 Trapdoor
50%
16 Two
50%
6 Vignette
50%
10 We Don't Believe What's on TV
50%
9 Anathema
0%
13 Be Concerned
0%
14 Clear
0%
8 The Hype
0%
No matching quizzes found
Score Distribution
Percent of People with Each Score
Percentile by Number Answered
Your Score History
You have not taken this quiz since the last reset